00209nam a2200085Ia 4500001000800000005001700008008004100025245003500066260002200101120821620250827022841.0250824s9999 xx 000 0 und d 0aTERSİNE DÜNYAcORHAN KEMAL bEVEREST YAYINLARI